Statistics for Music by Letter - C

Click here to take the quiz!

General Stats

  • This quiz has been taken 17,047 times
    (16,992 since last reset)
  • The average score is 14 of 20

Answer Stats

HintAnswer% Correct
"My Heart Will Go On" singer DionCéline
96%
The Eagles sang of this hotelCalifornia
95%
Bigger than a viola, smaller than a bassCello
90%
Large group of singersChoir
88%
Song from "The Lion King"{Circle} of Life
88%
"Layla" singer EricClapton
88%
Last name of Nirvana's frontmanCobain
82%
Band led by Chris MartinColdplay
76%
Yuletide songCarol
65%
Elton John song{Crocodile} Rock
64%
Singer who wanted to "Turn Back Time"Cher
63%
2014 hit by Australian singer SiaChandelier
59%
19th century Polish composer
of piano music
Chopin
59%
Hi-hat, or suspended instrument, e.g.Cymbal
59%
Another name for a maestroConductor
58%
Paris's "Le Chat Noir" was the
first of this type of club
Cabaret
47%
"Spanish" opera by BizetCarmen
47%
2002 musical film that won 6 OscarsChicago
46%
Trumpet-like instrumentCornet
44%
Trinidadian genre that evolved from kaisoCalypso
42%

Score Distribution

Percentile by Number Answered

Percent of People with Each Score

Your Score History

You have not taken this quiz since the last reset